BIBLIOTECA PODER JUDICIAL
Portal Judicial TDF

La suspensión del ejercicio de la responsabilidad parental como medida de protección integral : (Registro nro. 5884)

000 -LEADER
fixed length control field 01354nab a22002297a 4500
003 - CONTROL NUMBER IDENTIFIER
control field OSt
005 - DATE AND TIME OF LATEST TRANSACTION
control field 20260109025508.0
008 - FIXED-LENGTH DATA ELEMENTS--GENERAL INFORMATION
fixed length control field 190514b xxu||||| |||| 00| 0 spa d
040 ## - CATALOGING SOURCE
Transcribing agency PJ
100 ## - MAIN ENTRY--PERSONAL NAME
9 (RLIN) 6766
Personal name Prevetti García, Mayra
245 13 - TITLE STATEMENT
Title La suspensión del ejercicio de la responsabilidad parental como medida de protección integral :
Remainder of title análisis desde la perspectiva de género sobre la tutela efectiva de los derechos de niños, niñas, adolescentes y mujeres víctimas de violencia /
Statement of responsibility, etc Mayra Prevetti García.
300 ## - PHYSICAL DESCRIPTION
Extent p. 160-165
505 ## - FORMATTED CONTENTS NOTE
Formatted contents note Sumario: I. Introducción.— II. La suspensión del ejercicio de la responsabilidad parental.— III. Sanción de la ley 27.363: necesaria incorporación de la perspectiva de género.— IV. La implementación del inc. e) del art. 702 del Cód. Civ. y Com. en procesos de familia.— V. Estrategias para evitar la revictimización.<br/>
505 ## - FORMATTED CONTENTS NOTE
Title Si te interesa el texto, comunicate a koha@justierradelfuego.gov.ar
650 #0 - SUBJECT ADDED ENTRY--TOPICAL TERM
9 (RLIN) 967
Topical term or geographic name as entry element DERECHO DE FAMILIA
650 #0 - SUBJECT ADDED ENTRY--TOPICAL TERM
9 (RLIN) 1134
Topical term or geographic name as entry element VIOLENCIA FAMILIAR
650 #0 - SUBJECT ADDED ENTRY--TOPICAL TERM
9 (RLIN) 4044
Topical term or geographic name as entry element PERSPECTIVA DE GÉNERO
650 #0 - SUBJECT ADDED ENTRY--TOPICAL TERM
9 (RLIN) 6355
Topical term or geographic name as entry element SUSPENSION DE LA RESPONSABILIDAD PARENTAL
650 #0 - SUBJECT ADDED ENTRY--TOPICAL TERM
9 (RLIN) 4097
Topical term or geographic name as entry element INTERES SUPERIOR DEL NIÑO
773 0# - HOST ITEM ENTRY
Host Biblionumber 2844
Host Itemnumber 3222
Place, publisher, and date of publication Buenos Aires : AbeledoPerrot, 1989-
Title Derecho de familia. N° 121 - Septiembre 2025
International Standard Book Number 18511201
942 ## - ADDED ENTRY ELEMENTS (KOHA)
Source of classification or shelving scheme
Koha item type Analítica Artículo de Revista

No hay ítems disponibles.

12 de Octubre 789 Ushuaia - Tel:  54(02901)441571
Horario de Atención: 8.00 a 17.00 hs. 
bibliotecaush@justierradelfuego.gov.ar
koha@justierradelfuego.gov.ar
Seguinos en nuestras redes @bibliojustdf 

Con tecnología Koha